| 000 | 00614nam a22001337a 4500 | ||
|---|---|---|---|
| 040 | _cRUA | ||
| 082 | _aLMA NOB 2015 B529 Or.1 | ||
| 100 | _aNOB VEASNA; ណុប វាសនា | ||
| 245 | _aStudy on land use planning in preah bat choan chum commune, kirivong district, takeo province; ការសិក្សាផែនការប្រើប្រាស់ដីធ្លីឃុំព្រះបាទជាន់ជុំ ស្រុកគិរិវង់ ខេត្តតាកែវ | ||
| 260 |
_aPhnom Penh _bRUA _c2015 |
||
| 300 |
_av; 53p; _bill; _c29cm; |
||
| 856 | _uNOB VEASNA | ||
| 942 | _cLMA | ||
| 999 |
_c10828 _d10828 |
||